Ferdinand Braun, a life of the Nobel prizewinner and inventor of the cathode-ray oscilloscope

This scientific biography, however, does considerably more than restore Braun to his proper reputation: it has a fascinating story to tell. Of particular interest is its account of the early days of radio transmission, and the competition of Braun and his associates with Marconi and company to exten...

全面介紹

Đã lưu trong:
書目詳細資料
主要作者: Kurylo, Friedrich
格式: 圖書
語言:Undetermined
出版: Cambridge, Mass. MIT Press 1981
主題:
標簽: 添加標簽
沒有標簽, 成為第一個標記此記錄!
Thư viện lưu trữ: Trung tâm Học liệu Trường Đại học Cần Thơ
LEADER 01100nam a2200217Ia 4500
001 CTU_228786
008 210402s9999 xx 000 0 und d
082 |a 530.0924 
082 |b K96 
100 |a Kurylo, Friedrich 
245 0 |a Ferdinand Braun, a life of the Nobel prizewinner and inventor of the cathode-ray oscilloscope 
245 0 |c Friedrich Kurylo, Charles Susskind 
260 |a Cambridge, Mass. 
260 |b MIT Press 
260 |c 1981 
520 |a This scientific biography, however, does considerably more than restore Braun to his proper reputation: it has a fascinating story to tell. Of particular interest is its account of the early days of radio transmission, and the competition of Braun and his associates with Marconi and company to extend the range and improve the reception of radio signals. The technical basis of Braun's contributions are clearly explained. 
650 |a Nhà vật lý,Physicists 
650 |x Tiểu sử,Biography 
650 |z Nước Đức,Germany 
910 |b dqhieu 
980 |a Trung tâm Học liệu Trường Đại học Cần Thơ